|
|
|
|
| LEADER |
01385nam a2200313 a 4500 |
| 001 |
c000123242 |
| 003 |
CARM |
| 005 |
19930308000000.0 |
| 008 |
690314s1969 mauab b 001 0 eng |
| 010 |
|
|
|a 68018240 //r893
|
| 019 |
1 |
|
|a 704438
|5 LACONCORD2021
|
| 035 |
|
|
|a (OCoLC)1028
|5 LACONCORD2021
|
| 040 |
|
|
|a LC
|b eng
|c LC
|d NU
|
| 043 |
|
|
|a s-ve---
|
| 050 |
0 |
0 |
|a HC238.B6
|b R6
|
| 082 |
0 |
4 |
|a 338.9876
|
| 100 |
1 |
|
|a Rodwin, Lloyd.
|
| 245 |
1 |
0 |
|a Planning urban growth and regional development;
|b the experience of the Guayana program of Venezuela,
|c by Lloyd Rodwin and associates.
|
| 260 |
|
|
|a Cambridge, Mass.,
|b MIT Press
|c [1969]
|
| 300 |
|
|
|a xix, 524 p.
|b illus., maps (part col.)
|c 24 cm.
|
| 490 |
1 |
|
|a A Publication of the Joint Center for Urban Studies of the Massachusetts Institute of Technology and Harvard University
|
| 504 |
|
|
|a Bibliographical references included in "Notes" (p. 492-507)
|
| 650 |
|
0 |
|a City planning
|z Venezuela
|z Ciudad Guayana.
|
| 650 |
|
0 |
|a Regional planning
|z Venezuela
|z Bolivar (State)
|
| 651 |
|
0 |
|a Bolivar (Venezuela : State)
|x Economic policy.
|
| 830 |
|
0 |
|a Publication of the Joint Center for Urban Studies.
|
| 852 |
8 |
|
|b CARM
|h A2:AE08D0
|i C00744
|p 0046888
|f BK
|
| 999 |
f |
f |
|i 5c0f0bb0-19d8-5721-a3e7-a768fa4b109d
|s d8c14eae-163d-5bc2-92a0-b8b86492366e
|
| 952 |
f |
f |
|p Can circulate
|a CAVAL
|b CAVAL
|c CAVAL
|d CARM 1 Store
|e C00744
|f A2:AE08D0
|h Other scheme
|i book
|m 0046888
|